000 01137nam a2200241 i 4500
001 159038
003 ES-MaACL
005 20250902063111.0
008 990323s1898 sp |||| | spa d
100 1 _aMartínez y Sáez, Francisco de Paula,
_d1835-1908
_9129653
245 1 0 _aEl Doctor D. Marcos Jiménez de la Espada, zoólogo y viajero naturalista
_b: nota biográfica leída en sesión pública de la Sociedad Geográfica de Madrid celebrada el 6 de diciembre de 1898 /
_cpor Francisco de Paula Martínez y Sáez.
260 _aMadrid :
_b[s.n.],
_c1898 (
_fImp. de Fortanet)
300 _a24 p. ;
_c24 cm.
510 4 _aPalau,
_ct. VIII, 155791
530 _aDisponible en formato digital.
600 1 7 _aJiménez de la Espada, Marcos,
_d1831-1898
_2embne
_9222553
650 4 _aExpediciones científicas-
_zAmérica del Sur.
_9163000
650 4 _aFauna-
_zAmérica.
_9166140
710 2 _aSociedad Geográfica de Madrid.
_96775
852 _aES-MaACL
_jFol-Laf-169
_z- Legado M. de la Fuenta
856 _uhttp://bdh-rd.bne.es/viewer.vm?id=0000038128&page=1
_zBiblioteca Digital Hispánica
999 _c159038
_d159038